000 00512nam a2200217Ia 4500
003 0100
008 130303s9999 xx 000 0 und d
040 _cARRUPELIB
050 _aR726.E77
245 _aEthical issues in death and dying
260 _aEnglewood
260 _bPrentice-Hall
260 _C1978
300 _a368p.
300 _b 23 cm
650 _bMethodology
650 _cSocrates
650 _dPhilosophy
700 _aBeauchamp, Tom L. ; Perlin, Seymour (ed.)
942 _2lcc
_03
999 _c66922
_d66922